| 000 | 01451cam a2200409 i 4500 | ||
|---|---|---|---|
| 001 | 1827 | ||
| 003 | KOSZ 005 | ||
| 005 | 20221202151740.0 | ||
| 008 | 991116s1982 pl a f f |001 0 pol | ||
| 015 | _aPB 1982/9292 | ||
| 020 | _a832040391X | ||
| 040 |
_aWA N _cWA N _dKOSZ 005/HR |
||
| 046 | _k1982 | ||
| 080 | _a664 | ||
| 080 | _a(075.8) | ||
| 245 | 0 | 0 |
_aInżynieria procesowa i aparatura przemysłu spożywczego : _bpraca zbiorowa / _cpod red. Piotra P[awła] Lewickiego ; [aut. P. P. Lewicki et al.]. |
| 260 |
_aWarszawa : _bWydawnictwa Naukowo-Techniczne, _c1982. |
||
| 300 |
_a656, [4] s. : _bil. tab. wykr. ; _c24 cm. |
||
| 336 |
_2rdacontent _aTekst _btxt |
||
| 337 |
_2rdamedia _aBez urządzenia pośredniczącego _bn |
||
| 338 |
_2rdacarrier _aWolumin _bnc |
||
| 380 | _aKsiążki | ||
| 380 | _aPublikacje dydaktyczne | ||
| 385 |
_mPoziom nauczania _aSzkoły wyższe |
||
| 388 | _a1901-2000 | ||
| 504 | _aBibliogr. przy rozdz.. - Indeks. | ||
| 650 | 4 | _aTechnologia żywności | |
| 650 | 4 | _aMaszyny | |
| 650 | 4 | _aNarzędzia | |
| 655 | 4 | _aPodręczniki akademickie | |
| 658 | _aInżynieria i technika | ||
| 658 | _aRolnictwo i leśnictwo | ||
| 700 | 1 |
_aLewicki, Piotr Paweł _d(1937-2011) _eRedakcja |
|
| 710 | 2 |
_aWydawnictwa Naukowo-Techniczne _4pbl. |
|
| 856 |
_uhttp://koha.tu.koszalin.pl/cgi-bin/koha/opac-detail.pl?biblionumber=1827 _yKatalog online BPK |
||
| 942 |
_2UKD _cKS |
||
| 999 |
_c1827 _d1827 |
||